Forging a region : (Record no. 41561)

MARC details
000 -LEADER
fixed length control field 00976nam a22002537a 4500
005 - DATE AND TIME OF LATEST TRANSACTION
control field 20100813120642.0
010 ## - LCCN (DPL NO)
LC control number ENG-100142
020 ## - INTERNATIONAL STANDARD BOOK NUMBER
International Standard Book Number 9780198060192
Terms of availability 750.00
020 ## - INTERNATIONAL STANDARD BOOK NUMBER
International Standard Book Number 019806019X
Terms of availability 750.00
035 ## - SYSTEM CONTROL NUMBER
System control number EN-83674
037 ## - SOURCE OF ACQUISITION
Source of stock number/acquisition DBAD/PUB
082 ## - DEWEY DECIMAL CLASSIFICATION NUMBER
Classification number 954.75023
100 ## - MAIN ENTRY--PERSONAL NAME
Personal name Samira, Sheikh
245 ## - TITLE STATEMENT
Title Forging a region :
Statement of responsibility, etc by Samira Sheikh
Remainder of title sultans, traders, and pilgrims in gujarat, 1200-1500 /
260 ## - PUBLICATION, DISTRIBUTION, ETC. (IMPRINT)
Place of publication, distribution, etc New Delhi
Name of publisher, distributor, etc Oxford University Prees
Date of publication, distribution, etc 2010
270 ## - ADDRESS
Address YMCA Library Building, Jai Singh Road,
City New Delhi
Postal code 110001
300 ## - PHYSICAL DESCRIPTION
Extent xii, 265p.
Dimensions 22cm (Hb)
500 ## - GENERAL NOTE
General note Includes bibliographical references and index
650 ## - SUBJECT ADDED ENTRY--TOPICAL TERM
Topical term or geographic name as entry element Civilization
650 ## - SUBJECT ADDED ENTRY--TOPICAL TERM
Topical term or geographic name as entry element India, Gujrat
650 ## - SUBJECT ADDED ENTRY--TOPICAL TERM
Topical term or geographic name as entry element Political Science
942 ## - ADDED ENTRY ELEMENTS (KOHA)
Source of classification or shelving scheme Dewey Decimal Classification
Item type English Books
Classification part 954.75023
Call number suffix SAM
Holdings
Withdrawn status Lost status Not for loan Collection code Home library Current library Date acquired Source of acquisition Cost, normal purchase price Full call number Barcode Copy number Cost, replacement price Koha item type
    Not For Loan Non-fiction D.B.Act.Division D.B.Act.Division 13/08/2010 DBAD/PUB 750.00 954.75023 SAM EN-83674 1 750.00 English Books

© Delhi Public Library
Hit Counter
free hit counter